00206nam a2200085 4500020001800000100001300018245003700031260004300068300000900111 a9788121903455 aH.K.Dass aAdvanced Engineering Mathematics aNew DelhibS.Chand & Company Ltdc2010 a1358